Catálogo
 En Linea

Los temas poéticos de Miguel Hernández / (Registro nro. 4751)

Detalles MARC
000 -CABECERA
campo de control de longitud fija 01240cam a2200289 a 4500
001 - NÚMERO DE CONTROL
campo de control 000004945
005 - FECHA Y HORA DE LA ÚLTIMA TRANSACCIÓN
campo de control 20200929151536.0
008 - DATOS DE LONGITUD FIJA--INFORMACIÓN GENERAL
campo de control de longitud fija 800204s1978 sp b 001 p spa
020 ## - NÚMERO INTERNACIONAL ESTÁNDAR DEL LIBRO
Número Internacional Estándar del Libro 8432303186
040 ## - FUENTE DE LA CATALOGACIÓN
Centro catalogador/agencia de origen DO-SdBNP
Centro/agencia transcriptor DLC
Centro/agencia modificador DLC
041 17 - CÓDIGO DE LENGUA
Código de lengua del texto/banda sonora o título independiente spa
Código de lengua original fre
Fuente del código Código de idioma MARC
082 ## - NÚMERO DE LA CLASIFICACIÓN DECIMAL DEWEY
Número de clasificación 841.62
Número de documento/Ítem C527t
100 1# - ENTRADA PRINCIPAL--NOMBRE DE PERSONA
Nombre de persona Chevallier, Marie.
9 (RLIN) 14273
240 10 - TÍTULO UNIFORME
Título uniforme L'Homme, ses uvres et son destin dans la poésie de Miguel Hernández. Etude thématique.
Lenguaje de la obra Español.
245 14 - MENCIÓN DE TÍTULO
Título Los temas poéticos de Miguel Hernández /
Mención de responsabilidad, etc. Marie Chevallier ; traducción, Arcadio Pardo.
260 ## - PUBLICACIÓN, DISTRIBUCIÓN, ETC.
Lugar de publicación, distribución, etc. Madrid :
Nombre del editor, distribuidor, etc. Siglo Veintiuno de España,
Fecha de publicación, distribución, etc. 1978.
300 ## - DESCRIPCIÓN FÍSICA
Extensión 456 p. ;
Dimensiones 22 cm.
490 1# - MENCIÓN DE SERIE
Mención de serie Crítica literaria
534 ## - NOTA SOBRE LA VERSIÓN ORIGINAL
Encabezamiento principal del original Título original:
Mención de título del original L'Homme, ses uvres et son destin dans la poésie de Miguel Hernández. Etude thématique.
600 10 - PUNTO DE ACCESO ADICIONAL DE MATERIA--NOMBRE DE PERSONA
Nombre de persona HERNÁNDEZ, MIGUEL,
Fechas asociadas al nombre 1910-1942
Subdivisión general CRÍTICA E INTERPRETACIÓN
9 (RLIN) 14274
650 #4 - PUNTO DE ACCESO ADICIONAL DE MATERIA--TÉRMINO DE MATERIA
Término de materia o nombre geográfico como elemento de entrada Poesía española
Subdivisión general Crítica e interpretación
9 (RLIN) 4053
650 #4 - PUNTO DE ACCESO ADICIONAL DE MATERIA--TÉRMINO DE MATERIA
Término de materia o nombre geográfico como elemento de entrada Poetas españoles
Subdivisión general Crítica e interpretación
9 (RLIN) 14275
650 #4 - PUNTO DE ACCESO ADICIONAL DE MATERIA--TÉRMINO DE MATERIA
Término de materia o nombre geográfico como elemento de entrada Literatura española
Subdivisión general Crítica e interpretación
9 (RLIN) 4054
700 1# - PUNTO DE ACCESO ADICIONAL--NOMBRE DE PERSONA
Nombre de persona Pardo, Arcadio,
Término indicativo de función/relación tr.
9 (RLIN) 14276
830 #0 - PUNTO DE ACCESO ADICIONAL DE SERIE-TÍTULO UNIFORME
Título uniforme Crítica literaria.
9 (RLIN) 14277
910 ## - DATOS DE OPCIÓN DEL USUARIO (OCLC)
Datos de opción del usuario Catalogación por copia / LC
Existencias
Estado de retiro Estado de pérdida Restricciones de uso No para préstamo Código de colección Localización permanente Ubicación/localización actual Ubicación en estantería Fecha de adquisición Número de inventario Total de préstamos Signatura topográfica completa Código de barras Fecha visto por última vez Precio válido a partir de Tipo de ítem Koha
    Préstamo interno   Monografías: Libros y Folletos General General En catalogación 27.07.2009 LF1   841.62 C527t 4945-10 25.06.2020 25.06.2020 Préstamo interno

Con tecnología Koha